[Event "World Junior Open 2015"]
[Site "Khanty-Mansiysk RUS"]
[Date "2015.09.15"]
[Round "13.4"]
[White "Van Foreest, Jorden"]
[Black "Tran, Tuan Minh"]
[Result "1/2-1/2"]
[WhiteTitle "IM"]
[BlackTitle "IM"]
[WhiteElo "2541"]
[BlackElo "2417"]
[WhiteFideId "1039784"]
[BlackFideId "12401820"]
[EventDate "2015.09.02"]

1. e4 c5 2. Nf3 d6 3. d4 cxd4 4. Nxd4 Nf6 5. Nc3 a6 6. f3 e5 7. Nb3 Be6 8. Be3
Nbd7 9. g4 Nb6 10. g5 Nfd7 11. Qd2 Be7 12. O-O-O a5 13. a4 O-O 14. Rg1 Qc8 15.
Kb1 Nc4 16. Bxc4 Qxc4 17. h4 Rfc8 18. Qd3 b5 19. Qxc4 Rxc4 20. Nxb5 Rxa4 21.
Nxd6 Rb4 22. Nc5 Nxc5 23. Bxc5 Rbb8 24. Rd2 g6 25. Ba3 Bf8 26. Rd3 Ra6 27. Rgd1
Rab6 28. Rc3 h6 29. Rdd3 hxg5 30. hxg5 Kg7 31. Rc7 Kg8 32. Kc1 Ra6 33. c4 Rd8
34. c5 Rd7 35. Rxd7 Bxd7 36. Nxf7 Bb5 37. Nxe5 Bxd3 38. Nxd3 Re6 39. e5 Kf7 40.
Kd2 Be7 41. Ke3 Rc6 42. Ke4 Rc8 43. Kd5 Rd8+ 44. Kc4 Ke6 45. Nf4+ Kf5 46. Nd5
Bxg5 47. c6 Kxe5 48. f4+ Bxf4 49. Nxf4 Kxf4 50. c7 Rc8 51. Kd5 g5 52. Kc6 Ke4
53. Kb7 Re8 54. c8=Q Rxc8 55. Kxc8 a4 56. Kb7 Kd5 57. Kb6 Kc4 58. Kc6 g4 59. Bd6
Kb3 60. Kb5 1/2-1/2

[Event "World Junior Open 2015"]
[Site "Khanty-Mansiysk RUS"]
[Date "2015.09.15"]
[Round "13.5"]
[White "Abasov, Nijat"]
[Black "Bajarani, Ulvi"]
[Result "1/2-1/2"]
[WhiteTitle "GM"]
[BlackTitle "GM"]
[WhiteElo "2511"]
[BlackElo "2535"]
[WhiteFideId "13402960"]
[BlackFideId "13403028"]
[EventDate "2015.09.02"]

1. Nf3 g6 2. d4 Bg7 3. e4 d6 4. Nc3 c6 5. Be3 Nd7 6. Qd2 Qc7 7. Be2 Ngf6 8. Bh6
O-O 9. a4 e5 10. O-O Re8 11. Bxg7 Kxg7 12. Rfd1 a5 13. h3 h6 14. dxe5 dxe5 15.
Qe3 b6 16. Rd2 Nc5 17. Bc4 Be6 1/2-1/2

[Event "World Junior Open 2015"]
[Site "Khanty-Mansiysk RUS"]
[Date "2015.09.15"]
[Round "13.6"]
[White "Loiseau, Quentin"]
[Black "Chigaev, Maksim"]
[Result "1-0"]
[WhiteTitle "IM"]
[BlackTitle "IM"]
[WhiteElo "2419"]
[BlackElo "2531"]
[WhiteFideId "665274"]
[BlackFideId "4108116"]
[EventDate "2015.09.02"]

1. d4 d6 2. Nf3 g6 3. c4 Bg7 4. Nc3 Nc6 5. d5 Nb8 6. e4 e5 7. dxe6 Bxe6 8. Be3
Nc6 9. Be2 Nf6 10. Nd4 O-O 11. h4 Re8 12. h5 Nxd4 13. Bxd4 c6 14. Qd2 a6 15. f3
b5 16. g4 b4 17. Nd1 c5 18. Be3 Bxg4 19. hxg6 hxg6 20. Nf2 Bh5 21. O-O-O d5 22.
cxd5 c4 23. Qxb4 Rb8 24. Qa3 c3 25. bxc3 Bf8 26. Qa4 Qc7 27. Kc2 Rec8 28. Bd4
Bg7 29. Rb1 Rb5 30. Bxb5 axb5 31. Rxb5 Bxf3 32. Rc5 Qd8 33. Rxc8 Qxc8 34. Qc6
Qd8 35. Rh3 Bxe4+ 36. Nxe4 Nxe4 37. d6 Bxd4 38. Qxe4 Bf6 39. Qc6 Kg7 40. d7 Qa5
41. a4 Qe5 42. Rd3 Qe2+ 43. Rd2 1-0

[Event "World Junior Open 2015"]
[Site "Khanty-Mansiysk RUS"]
[Date "2015.09.15"]
[Round "13.7"]
[White "Tari, Aryan"]
[Black "Johansson, Linus"]
[Result "1-0"]
[WhiteTitle "IM"]
[BlackTitle "IM"]
[WhiteElo "2518"]
[BlackElo "2400"]
[WhiteFideId "1510045"]
[BlackFideId "1711113"]
[EventDate "2015.09.02"]

1. d4 Nf6 2. c4 e6 3. Nf3 c5 4. d5 d6 5. Nc3 exd5 6. cxd5 g6 7. Bf4 a6 8. a4 Bg7
9. e3 O-O 10. h3 Qe7 11. Be2 Nbd7 12. O-O Ne8 13. Nd2 Ne5 14. a5 Rb8 15. Qb3 f5
16. Bxa6 g5 17. Bxe5 Bxe5 18. Bd3 g4 19. hxg4 fxg4 20. Nc4 g3 21. fxg3 Nf6 22.
Qc2 Bg4 23. Nxe5 Qxe5 24. Qd2 Bd7 25. Be2 Qxg3 26. e4 Rbe8 27. Rf3 Qe5 28. Raf1
Nxe4 29. Nxe4 Qxe4 30. Rg3+ Kh8 31. Qc3+ Qe5 32. Qxe5+ dxe5 33. Rxf8+ Rxf8 34.
Rb3 Rb8 35. Rb6 Kg7 36. a6 Bc8 37. d6 Kf7 38. d7 Bxd7 39. Rxb7 Rd8 40. Bb5 1-0

[Event "World Junior Open 2015"]
[Site "Khanty-Mansiysk RUS"]
[Date "2015.09.15"]
[Round "13.8"]
[White "Grigoryan, Karen H."]
[Black "Gordievsky, Dmitry"]
[Result "1/2-1/2"]
[WhiteTitle "GM"]
[BlackTitle "FM"]
[WhiteElo "2609"]
[BlackElo "2511"]
[WhiteFideId "13301004"]
[BlackFideId "24112798"]
[EventDate "2015.09.02"]

1. e4 c5 2. Ne2 d6 3. Nbc3 Nf6 4. g3 e6 5. Bg2 Be7 6. O-O O-O 7. d3 Nc6 8. f4
Rb8 9. h3 Nd7 10. g4 b5 11. Ng3 Nd4 12. g5 f6 13. gxf6 Bxf6 14. Nce2 g6 1/2-1/2

[Event "World Junior Open 2015"]
[Site "Khanty-Mansiysk RUS"]
[Date "2015.09.15"]
[Round "13.9"]
[White "Pichot, Alan"]
[Black "Beradze, Irakli"]
[Result "1-0"]
[WhiteTitle "IM"]
[WhiteElo "2528"]
[BlackElo "2380"]
[WhiteFideId "110973"]
[BlackFideId "13604597"]
[EventDate "2015.09.02"]

1. e4 c5 2. Nf3 d6 3. c3 Nf6 4. h3 Nc6 5. Bd3 g6 6. O-O Bg7 7. Bc2 O-O 8. d4
cxd4 9. cxd4 e5 10. d5 Nb4 11. Bb3 a5 12. Nc3 Bd7 13. Be3 Na6 14. Nd2 Rc8 15.
Ba4 Nc5 16. Bxd7 Nfxd7 17. Nc4 Nf6 18. Bxc5 Rxc5 19. Qb3 b5 20. Nxb5 Nxe4 21.
Rae1 Qb8 22. a4 Rxc4 23. Qxc4 Nd2 24. Qc6 Bh6 25. Qxd6 Qxd6 26. Nxd6 Rd8 27. Nb7
Rxd5 28. Rd1 e4 29. Rfe1 Rd4 30. b3 Rd5 31. Rc1 Nxb3 32. Rb1 Nd2 33. Rb5 Rd3 34.
Nc5 Ra3 35. Nxe4 Rxa4 36. Nf6+ Kf8 37. Rb8+ Kg7 38. Ne8+ Kf8 39. Nd6+ Kg7 40.
Rb7 Rf4 41. Ree7 Kf6 42. Ne8+ Kg5 43. Rxf7 Re4 44. g3 1-0

[Event "World Junior Open 2015"]
[Site "Khanty-Mansiysk RUS"]
[Date "2015.09.15"]
[Round "13.10"]
[White "Akash, G"]
[Black "Makhnyov, Denis"]
[Result "1-0"]
[WhiteTitle "IM"]
[BlackTitle "FM"]
[WhiteElo "2382"]
[BlackElo "2358"]
[WhiteFideId "5040299"]
[BlackFideId "13707647"]
[EventDate "2015.09.02"]

1. e4 e5 2. Nf3 Nc6 3. Bb5 Nf6 4. d3 d6 5. O-O Bd7 6. c4 g6 7. Nc3 Bg7 8. d4 O-O
9. d5 Ne7 10. Bxd7 Nxd7 11. Be3 h6 12. Ne1 f5 13. f3 f4 14. Bf2 g5 15. Nd3 Rf7
16. c5 Bf8 17. Rc1 Nf6 18. Qb3 b6 19. cxd6 cxd6 20. Nb5 Ng6 21. Rc6 g4 22. Rfc1
gxf3 23. gxf3 Ne8 24. Kf1 Qd7 25. Ke2 Qh3 26. Nc7 Nxc7 27. Rxc7 Rd8 28. Qa4 Rdd7
29. Qxa7 Rxc7 30. Rxc7 Rxc7 31. Qxc7 Qxh2 32. Qxb6 Nh4 33. Ne1 Ng2 34. Bg1 Qh3
35. Nxg2 Qxg2+ 36. Qf2 Qh3 37. a4 Qc8 38. Kf1 Qc4+ 39. Qe2 Qxa4 40. Bf2 Qb3 41.
Bh4 Kf7 42. Kg2 Bg7 43. Kh3 Qa4 44. Qg2 Qd1 45. Kg4 Kg6 46. Be7 Qe1 47. Qh2 Qc1
48. Qh5+ Kh7 49. b4 Kg8 50. Bxd6 Qc8+ 51. Qf5 Qc2 52. Kh5 Qh2+ 53. Kg6 Qg3+ 54.
Qg4 h5 55. Qxg3 fxg3 56. Kxh5 1-0

[Event "World Junior Open 2015"]
[Site "Khanty-Mansiysk RUS"]
[Date "2015.09.15"]
[Round "13.11"]
[White "Georgiadis, Nico"]
[Black "Yuffa, Daniil"]
[Result "0-1"]
[WhiteTitle "IM"]
[BlackTitle "IM"]
[WhiteElo "2484"]
[BlackElo "2476"]
[WhiteFideId "1300113"]
[BlackFideId "24131423"]
[EventDate "2015.09.02"]

1. e4 c5 2. Nf3 Nc6 3. d4 cxd4 4. Nxd4 Nf6 5. Nc3 d6 6. Bg5 Bd7 7. Qd2 h6 8.
Bxf6 gxf6 9. O-O-O Nxd4 10. Qxd4 Qa5 11. f4 Rc8 12. Kb1 Bg7 13. f5 h5 14. Nd5
Qc5 15. Qd3 h4 16. c3 Bh6 17. Qf3 Bg5 18. Bd3 b5 19. Rhe1 a5 20. a3 Rb8 21. Bc2
Rh6 22. b4 Qa7 23. Bb3 Rc8 24. Kb2 Rc6 25. Nf4 Rh8 26. Rd3 Ra6 27. Ne2 axb4 28.
cxb4 Kf8 29. Ba2 Kg7 30. Nf4 Rc8 31. Nh3 Rxa3 32. Rxa3 Qd4+ 33. Rc3 Qd2+ 34. Kb3
Qxe1 35. Rxc8 Bxc8 36. Nxg5 fxg5 37. Qc3+ Qxc3+ 38. Kxc3 e6 39. Bb1 exf5 40.
exf5 Kf6 41. Bd3 Bxf5 42. Bxb5 Be4 43. g3 Ke5 44. Ba6 d5 45. b5 d4+ 46. Kd2 f5
47. gxh4 gxh4 48. b6 Kd6 49. Bc8 Kc6 50. b7 Kc7 51. Ke2 f4 52. Kd2 Bxb7 0-1

[Event "World Junior Open 2015"]
[Site "Khanty-Mansiysk RUS"]
[Date "2015.09.15"]
[Round "13.12"]
[White "Menezes, Christoph"]
[Black "Cori, Jorge"]
[Result "1/2-1/2"]
[WhiteTitle "FM"]
[BlackTitle "GM"]
[WhiteElo "2364"]
[BlackElo "2637"]
[WhiteFideId "1617001"]
[BlackFideId "3802272"]
[EventDate "2015.09.02"]

1. Nf3 c5 2. c4 g6 3. e3 Bg7 4. d4 Nf6 5. d5 O-O 6. Nc3 d6 7. h3 a6 8. a4 e6 9.
Bd3 Nbd7 10. O-O Rb8 11. e4 Ne8 12. Bg5 Bf6 13. Be3 Ng7 14. Be2 e5 15. Ne1 Bg5
16. Bxg5 Qxg5 17. Nd3 f5 18. exf5 Nxf5 19. Ne4 Qh4 20. Bg4 Nf6 21. Bxf5 Bxf5 22.
Nxd6 Bxd3 23. Qxd3 Rfd8 24. f4 exf4 25. Ne4 Nxe4 26. Qxe4 Rf8 27. Rae1 Rf7 28.
Qe6 Qf6 29. a5 b6 30. axb6 Rxb6 31. Qc8+ Kg7 32. Qxc5 Rxb2 33. Rf2 Qc3 34. Re7
Rxf2 35. Rxf7+ Kxf7 36. Kxf2 Qg3+ 37. Kf1 Qd3+ 38. Kf2 Qg3+ 39. Kf1 f3 40. Qa7+
Kg8 41. Qa8+ Kg7 42. Qa7+ Kg8 43. Qa8+ Kg7 44. Qa7+ Kg8 45. Qa8+ 1/2-1/2

[Event "World Junior Open 2015"]
[Site "Khanty-Mansiysk RUS"]
[Date "2015.09.15"]
[Round "13.13"]
[White "Sunilduth Lyna, Narayanan"]
[Black "Sanal, Vahap"]
[Result "1/2-1/2"]
[WhiteTitle "IM"]
[BlackTitle "IM"]
[WhiteElo "2473"]
[BlackElo "2522"]
[WhiteFideId "5058422"]
[BlackFideId "6300545"]
[EventDate "2015.09.02"]

1. d4 g6 2. e4 Bg7 3. Nc3 d6 4. f4 a6 5. Nf3 Nd7 6. Bd3 b5 7. a4 b4 8. Ne2 Bb7
9. O-O Ngf6 10. e5 Ne4 11. c4 e6 12. Qc2 d5 13. Bxe4 dxe4 14. Ng5 a5 15. Nxe4
O-O 16. Be3 Qe8 17. b3 f5 18. exf6 Nxf6 19. Nc5 Ng4 20. Qd3 Bc6 21. h3 Nh6 22.
Ng3 Rd8 23. Rad1 Nf5 24. Nxf5 gxf5 25. Kh2 Rd6 26. Qe2 Rf6 27. Rg1 Rg6 28. Bf2
Qa8 29. Be3 Bf6 30. Rd2 Qd8 31. Qf2 h5 32. g3 Kh7 33. Rdd1 Qh8 34. Nd3 Qg7 35.
Ne5 Bxe5 36. fxe5 Rd8 37. Qe2 Be4 38. Bf4 Kg8 39. Qe3 Rd7 40. Qe2 Qf8 41. Qxh5
Qe8 42. g4 fxg4 43. Rxg4 Rdg7 44. Rdg1 Qf7 45. R1g3 Rxg4 46. Qxf7+ Kxf7 47. hxg4
Rh7+ 48. Kg1 Rh1+ 49. Kf2 Rb1 50. g5 Kg6 51. Rh3 Rb2+ 52. Ke1 Kf5 53. Bc1 Rg2
54. Bd2 Kg4 55. Re3 Bf3 56. d5 Rg1+ 57. Kf2 Rg2+ 58. Ke1 Rg1+ 59. Kf2 Rg2+ 1/2-1/2

[Event "World Junior Open 2015"]
[Site "Khanty-Mansiysk RUS"]
[Date "2015.09.15"]
[Round "13.14"]
[White "Laurusas, Tomas"]
[Black "Gagare, Shardul"]
[Result "1-0"]
[WhiteTitle "IM"]
[BlackTitle "IM"]
[WhiteElo "2429"]
[BlackElo "2469"]
[WhiteFideId "12803731"]
[BlackFideId "5037883"]
[EventDate "2015.09.02"]

1. Nf3 Nf6 2. c4 e6 3. Nc3 d5 4. d4 Be7 5. Bg5 h6 6. Bh4 O-O 7. e3 b6 8. Rc1 Bb7
9. Bxf6 Bxf6 10. cxd5 exd5 11. g3 Re8 12. Bg2 c6 13. O-O Na6 14. Ne1 Nc7 15. Nd3
Qd6 16. Qa4 Ne6 17. Rfd1 Red8 18. Rd2 g6 19. Nb4 a5 20. Nd3 b5 21. Qd1 h5 22.
Ne2 h4 23. Nef4 Ng7 24. Nc5 Bc8 25. e4 Bg5 26. e5 Qe7 27. Qf3 Bh6 28. Rdd1 Qg5
29. Bh3 Bf5 30. Nb7 Be4 31. Qg4 hxg3 32. hxg3 Rdb8 33. Nd6 Ne6 34. Nxf7 Kxf7 35.
Qxe6+ Kg7 36. Rxc6 Rb7 37. Rdc1 Qe7 38. Nh5+ Kh7 39. Nf6+ Kg7 40. f4 Qxe6 41.
Bxe6 g5 42. f5 1-0

[Event "World Junior Open 2015"]
[Site "Khanty-Mansiysk RUS"]
[Date "2015.09.15"]
[Round "13.15"]
[White "Iskandarov, Misratdin"]
[Black "Ratkovic, Miloje"]
[Result "1-0"]
[WhiteTitle "IM"]
[WhiteElo "2405"]
[BlackElo "2388"]
[WhiteFideId "13400312"]
[BlackFideId "914517"]
[EventDate "2015.09.02"]

1. e4 c6 2. Nc3 d5 3. Nf3 Nf6 4. e5 Ne4 5. Nxe4 dxe4 6. Ng5 Qd4 7. Qe2 Qxe5 8.
Nxe4 f5 9. Ng5 Qxe2+ 10. Bxe2 e6 11. d4 Bd6 12. O-O Ke7 13. Bc4 Kf6 14. Re1 h6
15. Nxe6 Re8 16. Bf4 Bxe6 17. Bxd6 Nd7 18. Bd3 Rad8 19. b3 Kf7 20. Bc7 Rc8 21.
Ba5 Nf6 22. c4 b6 23. Bc3 Rcd8 24. f3 Bc8 25. Kf2 Rxe1 26. Rxe1 g6 27. a4 Ba6
28. b4 Bb7 29. b5 c5 30. d5 Bc8 31. a5 Re8 32. Ra1 Nh5 33. axb6 axb6 34. Ra7+
Re7 35. Ra8 Re8 36. Rb8 Nf4 37. Bf1 1-0

[Event "World Junior Open 2015"]
[Site "Khanty-Mansiysk RUS"]
[Date "2015.09.15"]
[Round "13.16"]
[White "Bai, Jinshi"]
[Black "Barbot, Pierre1"]
[Result "1/2-1/2"]
[WhiteTitle "IM"]
[BlackTitle "FM"]
[WhiteElo "2519"]
[BlackElo "2455"]
[WhiteFideId "8602280"]
[BlackFideId "663727"]
[EventDate "2015.09.02"]

1. d4 Nf6 2. c4 e6 3. g3 d5 4. Nf3 Bb4+ 5. Bd2 Be7 6. Bg2 O-O 7. O-O c6 8. Qc2
Nbd7 9. Rd1 b6 10. b3 a5 11. Bc3 Bb7 12. Nbd2 Qc7 13. e4 dxe4 14. Nxe4 c5 15.
Nxf6+ Bxf6 16. Rd2 a4 17. Rad1 axb3 18. axb3 Rfd8 19. dxc5 bxc5 20. Bxf6 Nxf6
21. Rxd8+ Rxd8 22. Rxd8+ Qxd8 23. Qd2 Qa8 24. Ne1 Bxg2 25. Nxg2 Qa1+ 26. Ne1 h6
27. Kg2 Qa8+ 1/2-1/2

[Event "World Junior Open 2015"]
[Site "Khanty-Mansiysk RUS"]
[Date "2015.09.15"]
[Round "13.17"]
[White "Karthikeyan, Murali"]
[Black "Megalios, Konstantinos"]
[Result "1-0"]
[WhiteTitle "GM"]
[WhiteElo "2509"]
[BlackElo "2242"]
[WhiteFideId "5074452"]
[BlackFideId "4238044"]
[EventDate "2015.09.02"]

1. e4 c5 2. Nf3 d6 3. d4 cxd4 4. Nxd4 Nf6 5. Nc3 Nc6 6. Bc4 e6 7. Be3 a6 8. Bb3
Qc7 9. Qe2 Na5 10. O-O-O b5 11. Bg5 Be7 12. Kb1 O-O 13. g4 Rb8 14. h4 Bd7 15. f4
Nxb3 16. cxb3 b4 17. Na4 Rfc8 18. h5 Qa5 19. h6 g6 20. e5 dxe5 21. fxe5 Nd5 22.
Bxe7 Nxe7 23. Rhf1 Be8 24. Rde1 Qd8 25. Qf2 Nd5 26. Nxe6 Qe7 27. Nd4 Bb5 28. Rg1
Rd8 29. g5 Nc7 30. Ka1 Rd5 31. Nxb5 axb5 32. Nb6 Rd3 33. Rc1 Nd5 34. Qe2 Nf4 35.
Qe4 Rxb6 36. Qxf4 Rd8 37. Rg4 Re6 38. Qxb4 Qxb4 39. Rxb4 Rxe5 40. Rg4 Kf8 41. a4
Rdd5 42. Ka2 Ke7 43. Ka3 Kd6 44. Rf4 Re7 45. Rf6+ Kd7 46. Rb6 bxa4 47. bxa4 Re3+
48. b3 Rxg5 49. Rb7+ Ke6 50. Rcc7 Rh3 51. Rxf7 Rxh6 52. Rxh7 Rxh7 53. Rxh7 Rg1
54. Kb4 g5 55. a5 g4 56. Kb5 g3 57. Rg7 Kd6 58. b4 g2 59. a6 Kd5 60. a7 Ra1 1-0

[Event "World Junior Open 2015"]
[Site "Khanty-Mansiysk RUS"]
[Date "2015.09.15"]
[Round "13.18"]
[White "Bilguun, Sumiya"]
[Black "Bida, Mihai-Eugen"]
[Result "1/2-1/2"]
[WhiteTitle "FM"]
[BlackTitle "FM"]
[WhiteElo "2343"]
[BlackElo "2394"]
[WhiteFideId "4901541"]
[BlackFideId "1200062"]
[EventDate "2015.09.02"]

1. e4 e5 2. Nf3 Nc6 3. Bc4 Nf6 4. d3 Be7 5. O-O O-O 6. Re1 d6 7. c3 Na5 8. Bb5
a6 9. Ba4 b5 10. Bc2 c5 11. Nbd2 Nc6 12. Nf1 Re8 13. h3 h6 14. d4 cxd4 15. cxd4
exd4 16. Nxd4 Nxd4 17. Qxd4 Be6 18. Ne3 Rc8 19. Bb3 Bf8 20. Bd5 Nxd5 21. exd5
Bd7 1/2-1/2

[Event "World Junior Open 2015"]
[Site "Khanty-Mansiysk RUS"]
[Date "2015.09.15"]
[Round "13.20"]
[White "Saiyn, Zhanat"]
[Black "Harsha, Bharathakoti"]
[Result "1/2-1/2"]
[WhiteTitle "IM"]
[WhiteElo "2413"]
[BlackElo "2393"]
[WhiteFideId "13703820"]
[BlackFideId "5078776"]
[EventDate "2015.09.02"]

1. d4 d5 2. c4 c6 3. Nf3 Nf6 4. e3 Bg4 5. h3 Bh5 6. Nc3 e6 7. g4 Bg6 8. Ne5 Nbd7
9. Nxg6 hxg6 10. cxd5 Nxd5 11. e4 Nxc3 12. bxc3 Be7 13. Qb3 Qc7 14. Rb1 Rb8 15.
Bg2 c5 16. O-O b5 17. Be3 O-O 18. Rfc1 Rfc8 19. Qd1 a6 20. g5 Nb6 21. Bf1 Rd8
22. h4 Rbc8 23. h5 gxh5 24. Qxh5 g6 25. Qh4 Bf8 26. Kg2 Bg7 27. dxc5 Na4 28. c4
b4 29. Rxb4 Nxc5 30. Be2 Qa5 31. Rbb1 Qxa2 32. Bf1 Bd4 33. Qf4 e5 34. Qf3 Bxe3
35. Qxe3 Qd2 36. Kf3 Ne6 37. Qxd2 Rxd2 38. Ke3 Rd6 39. Rd1 Nd4 40. Rdc1 Rc5 41.
Rb8+ Kg7 42. Bh3 Ra5 43. Rc3 Rc6 44. Bd7 Rc7 45. Rd8 Ra2 46. Bg4 Nb5 47. Rc1 Nd4
48. Rc3 Nb5 49. Rc1 Nd4 1/2-1/2

[Event "World Junior Open 2015"]
[Site "Khanty-Mansiysk RUS"]
[Date "2015.09.15"]
[Round "13.21"]
[White "Korchmar, Vasiliy"]
[Black "Taalaibekov, Tagir"]
[Result "1-0"]
[WhiteTitle "IM"]
[WhiteElo "2409"]
[BlackElo "2222"]
[WhiteFideId "24131750"]
[BlackFideId "13801163"]
[EventDate "2015.09.02"]

1. d4 Nf6 2. c4 e6 3. g3 c5 4. d5 exd5 5. cxd5 b5 6. e4 Nxe4 7. Bg2 Qa5+ 8. Nd2
Nd6 9. Nh3 Be7 10. O-O O-O 11. Nb3 Qb6 12. Re1 Bf6 13. Be3 Na6 14. Nxc5 Nxc5 15.
b4 Qa6 16. bxc5 Nf5 17. Bf4 Bxa1 18. Qxa1 Bb7 19. Re5 Nh6 20. c6 dxc6 21. Bxh6
gxh6 22. d6 Rad8 23. Qd1 c5 24. Bxb7 Qxb7 25. Nf4 Qd7 26. Rd5 f5 27. Nh5 Qe6 28.
d7 Rf7 29. Rd6 Qe5 30. Qd2 c4 31. Qxh6 Qe1+ 32. Kg2 Qe4+ 33. f3 Qe2+ 34. Kh3
Qxf3 35. Qg5+ 1-0

[Event "World Junior Open 2015"]
[Site "Khanty-Mansiysk RUS"]
[Date "2015.09.15"]
[Round "13.22"]
[White "Vokhidov, Shamsiddin"]
[Black "Studer, Noel"]
[Result "1/2-1/2"]
[BlackTitle "IM"]
[WhiteElo "2292"]
[BlackElo "2422"]
[WhiteFideId "14204223"]
[BlackFideId "1319620"]
[EventDate "2015.09.02"]

1. e4 e5 2. Nf3 Nc6 3. Bc4 Bc5 4. c3 Nf6 5. d4 exd4 6. e5 d5 7. Bb5 Ne4 8. cxd4
Bb6 9. Nc3 O-O 10. Be3 f5 11. g3 Ne7 12. O-O Ng6 13. Ne2 f4 14. Nxf4 Nxf4 15.
gxf4 c6 16. Bd3 Bg4 17. Be2 Bh3 18. Re1 Ba5 19. Ng5 Nxg5 20. fxg5 Bxe1 21. Qxe1
Qd7 22. f4 Bg4 23. Bf1 Bh3 24. Be2 Bg4 25. Bf1 Bh3 26. Be2 Bg4 1/2-1/2

[Event "World Junior Open 2015"]
[Site "Khanty-Mansiysk RUS"]
[Date "2015.09.15"]
[Round "13.23"]
[White "Arat, Ufuk Sezen"]
[Black "Carneiro, Vitor Roberto Castro"]
[Result "1-0"]
[WhiteTitle "FM"]
[BlackTitle "CM"]
[WhiteElo "2441"]
[BlackElo "2405"]
[WhiteFideId "6309089"]
[BlackFideId "2130106"]
[EventDate "2015.09.02"]

1. d4 Nf6 2. Nf3 g6 3. Nbd2 Bg7 4. e4 d6 5. Bd3 O-O 6. O-O Qe8 7. Re1 e5 8. c3
Nbd7 9. a4 Nh5 10. a5 a6 11. Nc4 h6 12. b3 Kh7 13. dxe5 dxe5 14. Ba3 Rg8 15. Bf1
Nf8 16. Qc2 Bg4 17. Nfd2 Rd8 18. Ne3 Bd7 19. Nd5 Ne6 20. Nc4 Nhf4 21. Be7 Nxd5
22. Bxd8 Nb4 23. cxb4 Nd4 24. Qc3 Qxd8 25. Ne3 Rf8 26. Nc2 Bc6 27. Bxa6 f5 28.
Bd3 fxe4 29. Bxe4 Qh4 30. Qg3 Qxg3 31. hxg3 Nxb3 32. Ra3 Bxe4 33. Rxe4 Nd2 34.
Re2 Rd8 35. b5 Nc4 36. Ra4 Nd6 37. Na3 Nf5 38. Rc2 Rc8 39. a6 bxa6 40. bxa6 Nd4
41. Rb2 e4 42. a7 Nc6 43. Rb7 Nd8 44. Rb8 1-0

[Event "World Junior Open 2015"]
[Site "Khanty-Mansiysk RUS"]
[Date "2015.09.15"]
[Round "13.24"]
[White "Leiva, Giuseppe"]
[Black "Ererdem, Gani Eren"]
[Result "1-0"]
[WhiteTitle "IM"]
[WhiteElo "2400"]
[BlackElo "2213"]
[WhiteFideId "3804399"]
[BlackFideId "6310915"]
[EventDate "2015.09.02"]

1. Nf3 Nf6 2. c4 e6 3. g3 d5 4. b3 Be7 5. Bg2 O-O 6. Bb2 c5 7. e3 Nc6 8. O-O d4
9. exd4 cxd4 10. Re1 Ne8 11. d3 f6 12. Ba3 e5 13. Qc2 Nb4 14. Bxb4 Bxb4 15. Nfd2
Be7 16. c5 Nc7 17. b4 Kh8 18. Nc4 Rb8 19. Nbd2 Be6 20. Rab1 Bd5 21. Ne4 b6 22.
cxb6 axb6 23. b5 Qd7 24. a4 Ne6 25. Bh3 Qc7 26. Qe2 Ra8 27. Rec1 Qb8 28. Bxe6
Bxe6 29. Nxb6 Qxb6 30. Rc6 Qb7 31. Rxe6 Rxa4 32. Qc2 Raa8 33. Rc6 Rfc8 34. Rc1
Rxc6 35. bxc6 Qc7 36. Qc4 f5 37. Nd2 Bg5 38. Rc2 Bxd2 39. Rxd2 Rc8 40. Rc2 h6
41. Qe6 Rf8 42. Kg2 Rf6 43. Qd7 Rf7 44. Qxf7 1-0

[Event "World Junior Open 2015"]
[Site "Khanty-Mansiysk RUS"]
[Date "2015.09.15"]
[Round "13.25"]
[White "Van Laeken, Jonathan"]
[Black "Kirk, Ezra"]
[Result "0-1"]
[BlackTitle "FM"]
[WhiteElo "1866"]
[BlackElo "2315"]
[WhiteFideId "228567"]
[BlackFideId "600067"]
[EventDate "2015.09.02"]

1. d4 Nf6 2. Nc3 d5 3. Bg5 Nbd7 4. Qd3 e6 5. e4 dxe4 6. Nxe4 Be7 7. Nxf6+ gxf6
8. Be3 b6 9. Qe4 Rb8 10. Nf3 Bb7 11. Qf4 Nf8 12. O-O-O Ng6 13. Qh6 Bxf3 14. gxf3
Qd5 15. Kb1 Qxf3 16. Bc1 c6 17. Bd3 Rd8 18. Rde1 Bf8 19. Qd2 Rxd4 20. Qc3 Rxd3
21. cxd3 Bd6 22. Be3 Ke7 23. Rc1 Rc8 24. d4 Qd5 25. Qd2 Nh4 26. Qe2 Nf3 27. Rcd1
b5 28. h4 Rg8 29. Rh3 Ng1 0-1

[Event "World Junior Open 2015"]
[Site "Khanty-Mansiysk RUS"]
[Date "2015.09.15"]
[Round "13.26"]
[White "Hasenohr, Benedict"]
[Black "Fontaine, Quentin"]
[Result "0-1"]
[WhiteTitle "FM"]
[WhiteElo "2309"]
[BlackElo "2122"]
[WhiteFideId "1303309"]
[BlackFideId "230804"]
[EventDate "2015.09.02"]

1. d4 Nf6 2. c4 e5 3. dxe5 Ng4 4. Nf3 Nc6 5. Bf4 Bb4+ 6. Nc3 Bxc3+ 7. bxc3 Qe7
8. Qd5 f6 9. exf6 Nxf6 10. Qd3 d6 11. g3 O-O 12. Bg2 Bg4 13. O-O Rae8 14. Rae1
b6 15. Nd4 Ne5 16. Bxe5 dxe5 17. Nb3 a5 18. c5 e4 19. Qb5 Qe5 20. Qc4+ Be6 21.
Qd4 Qh5 22. cxb6 cxb6 23. Qxb6 Ng4 24. h3 Ne5 25. Qxa5 Bxb3 26. Qb4 Be6 27. Qxe4
Bxh3 28. f4 Ng4 29. Qd5+ Qxd5 30. Bxd5+ Kh8 31. Rf3 Ne3 32. Bb3 Bg4 33. Rf2 Rc8
34. Rc1 Rc5 35. c4 Bf5 36. Rf3 Ng4 37. Rd1 Be4 0-1

[Event "World Junior Open 2015"]
[Site "Khanty-Mansiysk RUS"]
[Date "2015.09.15"]
[Round "13.27"]
[White "Serikbay, Chingiz"]
[Black "O'Mahoney, Keegan"]
[Result "1-0"]
[WhiteTitle "FM"]
[WhiteElo "2272"]
[BlackElo "1788"]
[WhiteFideId "13707604"]
[BlackFideId "2506190"]
[EventDate "2015.09.02"]

1. c4 e5 2. g3 Nf6 3. Bg2 h6 4. Nc3 Bb4 5. Nf3 Bxc3 6. bxc3 d6 7. O-O O-O 8. Rb1
Nc6 9. d3 Rb8 10. Ne1 Bf5 11. e4 Be6 12. Nc2 Qd7 13. Ne3 Bh3 14. f4 Bxg2 15.
Kxg2 exf4 16. Rxf4 Ne5 17. Rxf6 gxf6 18. Nf5 Rfd8 19. Qh5 Qe8 20. Nxh6+ Kf8 21.
Nf5 Kg8 22. Bh6 Ng6 23. Bg7 b5 24. Bxf6 bxc4 25. Qh6 Qf8 26. Ne7+ 1-0

[Event "World Junior Open 2015"]
[Site "Khanty-Mansiysk RUS"]
[Date "2015.09.15"]
[Round "13.28"]
[White "Bogdanov, Egor"]
[Black "Sabirov, Timur"]
[Result "1-0"]
[WhiteElo "2333"]
[BlackElo "1665"]
[WhiteFideId "14119137"]
[BlackFideId "44107323"]
[EventDate "2015.09.02"]

1. e4 c5 2. Nf3 e6 3. c3 d5 4. exd5 Qxd5 5. d4 cxd4 6. cxd4 Nf6 7. Nc3 Qd8 8.
Bd3 Nbd7 9. O-O Be7 10. Ne5 O-O 11. Qf3 Nb6 12. Rd1 Nbd5 13. Qh3 Bb4 14. Bg5 Be7
15. Rac1 g6 16. Qf3 Nxc3 17. bxc3 Nd5 18. Bh6 Bg5 19. Bxf8 Qxf8 20. Rc2 a6 21.
Be4 Qe7 22. Re2 Nf6 23. Bc2 Qd8 24. Rb1 Ra7 25. Ree1 Qd5 26. Qg3 Bh6 27. Bb3 Qd8
28. Nxf7 Kxf7 29. Qb8 Ng4 30. Bxe6+ Bxe6 31. Qxd8 1-0